Prehistoric Sites of Europe - Map Quiz - Statistics

General Stats
  • This quiz has been taken 39 times
  • The average score is 10 of 22
Answers on the Map
Answers color-coded by a green-red scale on the quiz's map according to % correct below.
 
Answer Stats
Answer % Correct
Stonehenge
88%
Neandertal
76%
Cave of Altamira
56%
Lascaux
56%
Rock Carvings at Møllerstufossen
53%
Barclodiad y Gawres
50%
Čertova Pec
50%
Skara Brae
50%
Mayburgh Henge
47%
Monte d'Accoddi
47%
Carnac Stones
44%
Newgrange
44%
Grosser Hafner
41%
Ekornavallen
35%
Pavlopetri
35%
Ġgantija
32%
Kierikki
32%
Vinča-Belo Brdo
32%
Grotta dell'Addaura
29%
Bacho Kiro Cave
24%
Talianki
15%
Sungir
12%
No matching quizzes found
Score Distribution
Percent of People with Each Score
Percentile by Number Answered
Your Score History
You have not taken this quiz